Fortunate Son CCR Lyrics - Statistics

General Stats
  • This quiz has been taken 96 times
    43 since last reset
  • The average score is 117 of 168
Answer Stats
Lyrics % Correct
I
100%
a
95%
fortunate
95%
son
95%
no
90%
and
86%
are
86%
in
86%
to
86%
me
81%
the
81%
when
81%
ain't
76%
born
76%
folks
76%
one
76%
Some
76%
some
76%
white
76%
blue
71%
flag
71%
it
71%
red
71%
they
71%
wave
71%
hand
67%
ooh
67%
silver
67%
spoon
67%
you
67%
senator's
62%
them
62%
Lord
57%
Lord,
57%
made
57%
at
52%
cannon
52%
Chief
52%
Hail
52%
help
52%
like
52%
point
52%
star
52%
war
52%
ask
48%
band
48%
but
48%
door,
48%
eyes
48%
how
48%
lookin'
48%
spangled
48%
taxman
48%
they're
48%
we
48%
comes
43%
house
43%
more
43%
plays
43%
rummage
43%
sale
43%
themselves
43%
down
38%
military
38%
much
38%
yeah
38%
answer
33%
give
33%
millionaire's
33%
only
33%
send
33%
should
33%
don't
29%
inherit
24%
No matching quizzes found
Score Distribution
Percent of People with Each Score
Percentile by Number Answered
Your Score History
You have not taken this quiz since the last reset